| 000 | 01330cam a22002054a 4500 | ||
|---|---|---|---|
| 005 | 20250605164050.0 | ||
| 008 | 250528s ||||||||||||||||||||||||d | ||
| 035 | _a17262 | ||
| 020 | _a745007732 | ||
| 040 |
_aGR-AtMCL _bgre _dGR-AtMCL _eAACR2 |
||
| 245 | 1 | _aThe World Economy / A Textbook in International Economics | |
| 260 |
_bHarvester Wheatsheaf, _c1991 |
||
| 300 | _a464 | ||
| 520 | _aThis book provides a comprehensive, well balanced and up to date treatment of international economics. Preface, Introduction, Trade Theory, Comparative Advantage, Heckscher - Ohlin Model, Contents, Extending the Neo-Classical Model, Beyond Factor Endowments, Models of Intra-Industry Trade, Trade Policy, Gains from Trade, Trade Interventions and the ''Old Protectionism'', The Economics of the ''New Protectionism'', Normative Issues in Trade Policy, Open-Economy Macroeconomics, The Accounting Framework, The Current Account, Capital Flows, Flexible Exchange Rates, Development, Trade and Development, Factor Accumulation in the Open Economy, World Economy, The International Trading System, World Capital Markets, International Monetary Arrangements, Global Economic Problems, References, Notation, Index. | ||
| 700 | 1 |
_aMilner Chris _93423 |
|
| 700 | 1 |
_aWilliamson John _93424 |
|
| 942 | _cBK | ||
| 999 |
_c2690 _d2690 |
||